| 000 | 00937nam a22002417a 4500 | ||
|---|---|---|---|
| 005 | 20110905154821.0 | ||
| 008 | 110905t xxu||||| |||| 00| 0 eng d | ||
| 010 | _aENG-103758 | ||
| 020 |
_a8182060192 _c225.00 |
||
| 020 |
_a9788182060197 _c225.00 |
||
| 035 | _aEN-87291 | ||
| 037 | _bDBAD/PUB | ||
| 040 |
_adpl _bEng |
||
| 082 | _a920 | ||
| 100 |
_aMitra, Jaya _934404 |
||
| 245 |
_aHannaman : _cby Jaya Mitra ; translated by Rinita Mazumdar _bone who is in the process of being killed : prison memoirs of a Indian women / |
||
| 260 |
_aKolkata _bTowards Freedom _c(201?) |
||
| 270 |
_aAH-202,Sector II, Salt Lake, _bKolkata _e700091 _k23212902, 9331030579 _mtowardsfreedom@gmail.com |
||
| 300 |
_a111p. _c22cm (pbk) |
||
| 700 |
_934402 _aMazumdar,Rinita |
||
| 942 |
_2ddc _cEN _h920 _mMIT |
||
| 999 |
_c56346 _d56346 |
||